Responses for Show #8825 - Friday, March 10, 2023

Stephen Webb game 4.
Ken Jennings hosts.

Contestants

[<< previous game]

Nick Lauber, an attorney from Sherman Oaks, California

Jannette Peterson, a graduate student originally from Minneapolis, Minnesota

Stephen Webb, a data scientist from Longmont, Colorado (whose 3-day cash winnings total $80,631)

[next game >>]

Jeopardy! Round responses

LET'S VISIT NICARAGUA
SHOPPING AT THE MALL
20th CENTURY NAMES
TV SHOWS IN OTHER WORDS
(Ken: Given a synonymous TV show title, you give us the real name of the show.)
HODGEPODGE
FROM STEM TO STERN
(Ken: All those responses found between "stem" and "stern" in the dictionary alphabetically.)
    $200 5
(Ken: Your trip to Nicaragua paid off; you just ran that category.)
[Applause]

Managua

Stephen
    $200 30
cosmetics

Jannette
    $200 22
Earhart

Stephen
    $200 13
Criminal Minds

Stephen
    $200 14
(Stephen: What's childbirth?)

marriage

StephenNick
    $200 29
a stench

Jannette
    $400 4
the Sandinistas

Stephen
    $400 28
Foot Locker

Nick
    $400 21
Andy Warhol

Stephen
    $400 15
Squid Game

Jannette
    $400 16
a front trunk

Stephen
    $400 27
a stereotype

Jannette
    $600 3
Clemente

Stephen
    $600 9
Tommy Bahama

Stephen
    $600 8
(Nick: Who is Secretariat?)

Seabiscuit

StephenNick
    $600 10
MythBusters

Stephen
    $600 25
a ballad

Jannette
    $600 26
a stenographer

Stephen
    $800 2
plantain

Stephen
    $800 11
Zales

Stephen
    $1,000 7
Bobby Kennedy

Jannette
    $800 19
Fear the Walking Dead

Stephen
    $800 20
(Stephen: Who are Berbers?)
(Nick: Who are the Moors?)
(Jannette: Um, who are the Arabs?)
(Ken: No, those are [*], so no harm, no foul, there.)

the Bedouins

StephenJannetteNick
Triple Stumper
    $800 24
a stepping stone

Nick
    $1000 1
(Nick: What is... Guatemala?)

Honduras

StephenNick
    $1000 12
Ann Taylor

Nick
    $1000 6
(Stephen: What's the Pinto?)

the Edsel

StephenJannette
    $1000 18
Crazy Ex-Girlfriend

Nick
    $1000 17
(Jannette: What is... mica?)

quartz

StephenJannette
    $1000 23
a stent

Stephen

Scores at the first commercial break (after clue 15):

Stephen Jannette Nick
$4,600 $2,400 -$400

Scores at the end of the Jeopardy! Round:

Stephen Jannette Nick
$8,200 $2,000 $1,000

Double Jeopardy! Round responses

FUTURE OSCAR WINNERS
BIOLOGY
GETTING SCHOOLED
TOOL TALK
NATIONAL OFFICIAL LANGUAGES
LITERARY BEFORE & AFTER
    $400 30
Steven Spielberg

Jannette
    $400 17
(Stephen: What's [*] or [**]?)
(Ken: That's how fireflies [*].)

glow (or light up)

Stephen
    $400 18
a curve

Nick
    $400 1
a screwdriver

Stephen
    $400 24
New Zealand

Jannette
    $400 29
Stephen King cobra

Stephen
    $800 28
Brad Pitt

Nick
    $800 14
a placenta

Stephen
    $800 19
prerequisite

Stephen
    $800 3
(Stephen: What's an awl?)

a saw

StephenJannette
    $800 4
Spain

Stephen
    $800 8
The Hundred Years' War of the Worlds

Nick
    $1200 27
(Ken: She recently played Lady Macbeth again; that's a young [*].)

Frances McDormand

Triple Stumper
    $1200 2
(Stephen: What is mucous membrane?)
[NOTE: This was the 460,000th clue entered into the J! Archive, on 2023-03-10.]

ectoplasm

StephenNick
    $1200 20
vocational

Nick
    $1200 9
a spanner

Jannette
    $2,000 7
Switzerland

Jannette
    $3,000 11
Frederick the Great Gatsby

Stephen
    $1600 25
(Stephen: Who is Ermey?)

Oliver Stone

StephenJannette
    $1600 15
mutualism

Stephen
    $1600 21
Binet

Jannette
    $1600 10
a hatchet man

Stephen
    $1600 6
Afghanistan

Jannette
    $1600 13
a Dan Brown bear

Triple Stumper
    $2000 26
(Marlon) Brando

Stephen
    $2000 16
a zygote

Stephen
    $2000 22
a practicum

Triple Stumper
    $2000 23
pick-and-shovel work

Triple Stumper
    $2000 5
(Jannette: What is Rwanda?)

Burundi

Jannette
Triple Stumper
    $2000 12
[Laughter as Stephen completed his response with little pauses for the end of the song title part.]
(Ken: I don't think WHAM! sang it like that, but we'll give you credit.)
[Laughter]

Finnegans Wake Me Up Before You Go-Go

Stephen

Scores at the end of the Double Jeopardy! Round:

Stephen Jannette Nick
$20,400 $9,600 $5,400
(lock game)

[wagering suggestions for these scores]

Final Jeopardy! Round responses

INVASIONS
(Ken: [To Nick] That is a famous British invader, but not for religious liberty.)
...
(Ken: This was the Glorious Protestant Revolution; this is [*] invading.)
NickWho is William the Conqueror
$4,201
JannetteWho was William the Conqueror?
$8,000
StephenWho is Charles II??
$150
William of Orange

Final scores:

Stephen Jannette Nick
$20,250 $1,600 $1,199
4-day champion: $100,881 2nd place: $2,000 3rd place: $1,000

Game dynamics:

Coryat scores:

Stephen Jannette Nick
$18,600 $8,600 $5,400
29 R
(including 1 DD),
6 W
15 R
(including 2 DDs),
3 W
10 R,
3 W

Combined Coryat: $32,600

[game clues] [game scores] [suggest correction]

Game tape date: 2022-12-16
The J! Archive is created by fans, for fans. Scraping, republication, monetization, and malicious use prohibited; this site may use cookies and collect identifying information. See terms. The Jeopardy! game show and all elements thereof, including but not limited to copyright and trademark thereto, are the property of Jeopardy Productions, Inc. and are protected under law. This website is not affiliated with, sponsored by, or operated by Jeopardy Productions, Inc. Join the discussion at JBoard.tv.